000 00448nam a22001817a 4500
003 CEME
005 20210628210647.0
008 210211b xxu||||| |||| 00| 0 eng d
020 _a981-3083-57-3
040 _c.
082 _a621.815 YAN
100 _aYan, Hong-Sen
_980388
245 _aCreative design of mechanical devices
260 _aSINGAPORE
_bSPRINGER
_c1998
300 _a248P
650 _aMACHINE DESIGN
_918984
942 _cBK
_2ddc
999 _c585333
_d585333